Úvod do ekonomicko-geografického výskumu

Na minha lista:
Detalhes bibliográficos
Autor principal: Ivanička, Koloman
Formato: Livro
Idioma:eslovaco
Publicado em: Bratislava SAV 1971
Tags: Adicionar Tag
Sem tags, seja o primeiro a adicionar uma tag!

MARC

LEADER 00000nam a2200000 4500
001 c122240
005 20221128071450.8
041 0 |a slo 
044 |a SK 
245 1 0 |a Úvod do ekonomicko-geografického výskumu  |c Koloman Ivanička 
264 1 |a Bratislava  |b SAV  |c 1971 
300 |a 374 s. 
100 1 |a Ivanička, Koloman